|
|
|
|
| LEADER |
01450nam a2200337 a 4500 |
| 001 |
5856 |
| 003 |
BD-DhAAL |
| 005 |
20150625100224.0 |
| 008 |
150625s1997 cauab b 001 0 eng d |
| 010 |
|
|
|a 96051271
|
| 020 |
|
|
|a 8170366682 (cloth)
|
| 020 |
|
|
|a 8170366690 (pbk.)
|
| 040 |
|
|
|a DLC
|c DLC
|d DLC
|d BD-DhAAL
|
| 082 |
0 |
0 |
|a 174/.4
|2 21
|
| 100 |
1 |
|
|a Petrick, Joseph A.,
|d 1946-
|9 8864
|
| 245 |
1 |
0 |
|a Management ethics :
|b integrity at work /
|c Joseph A. Petrick, John F. Quinn.
|
| 260 |
|
|
|a Thousand Oaks, Calif. ,
|a New Delhi, India :
|b Sage Publications
|b Response,
|c c1997.
|
| 300 |
|
|
|a xiv, 399 p. :
|b ill., map ;
|c 24 cm.
|
| 490 |
1 |
|
|a Sage series in business ethics
|
| 504 |
|
|
|a Includes bibliographical references (p. 359-390) and index.
|
| 541 |
1 |
|
|e 5856
|
| 650 |
|
0 |
|a Business ethics.
|9 12423
|
| 650 |
|
0 |
|a Management
|x Moral and ethical aspects.
|9 8175
|
| 650 |
|
0 |
|a Business ethics
|x Case studies.
|9 12424
|
| 650 |
|
0 |
|a Management
|x Moral and ethical aspects
|x Case studies.
|9 12425
|
| 700 |
1 |
|
|a Quinn, J. F.
|q (John F.)
|9 12426
|
| 852 |
4 |
|
|a Ayesha Abed Library
|j General Shelf.
|
| 942 |
|
|
|2 ddc
|c BK
|
| 999 |
|
|
|c 34829
|d 34829
|
| 952 |
|
|
|0 0
|1 0
|2 ddc
|4 0
|6 174_400000000000000_PET
|7 0
|9 54504
|a SCL
|b SCL
|c GEN
|d 2015-06-25
|l 0
|o 174.4 PET
|p 3020005856
|r 2015-06-25
|t 1
|w 2015-06-25
|y BK
|
| 952 |
|
|
|0 0
|1 0
|2 ddc
|4 0
|6 174_000000000000000__4_PET
|7 0
|9 54662
|a SCL
|b SCL
|c GEN
|d 2015-07-04
|g 400.00
|l 1
|o 174.4 PET
|p 3020002476
|r 2017-10-17
|s 2017-10-15
|t 2
|w 2015-07-04
|y BK
|